King of the confessors /

Bibliographic Details
Main Author: Hoving, Thomas, 1931-2009
Format: Book
Language:English
Published: New York, N.Y. : Simon and Schuster, [1981]
Subjects:

MARC

Tag First Indicator Second Indicator Subfields
LEADER 00000cam a22000008a 4500
001 in00000076642
005 20151008053731.0
008 810610s1981 nyuaf b 00110 eng
010 |a  81009050  
020 |a 0671433881 
035 |a (OCoLC)07576217 
035 |9 AAH8461AM 
039 0 |a 2  |b 3  |c 3  |d 3  |e 3 
040 |a DLC  |c DLC  |d TXA  |d UtOrBLW 
043 |a e-uk-en  |a n-us-ny 
049 |a TXAM  |c [1803366] 
050 0 0 |a NK5943  |b .H68 
082 0 |a 736/.61/0942  |2 19 
100 1 |a Hoving, Thomas,  |d 1931-2009. 
245 1 0 |a King of the confessors /  |c Thomas Hoving. 
263 |a 8110 
264 1 |a New York, N.Y. :  |b Simon and Schuster,  |c [1981] 
264 4 |c ©1981 
300 |a 365 pages, 9 unnumbered pages of plates :  |b illustrations ;  |c 24 cm. 
336 |a text  |b txt  |2 rdacontent 
337 |a unmediated  |b n  |2 rdamedia 
338 |a volume  |b nc  |2 rdacarrier 
500 |a Includes index. 
504 |a Bibliography: pages 353-354. 
600 1 0 |a Hoving, Thomas,  |d 1931-2009. 
650 2 0 |a Bury Saint Edmunds Cross. 
610 2 0 |a Cloisters (Museum) 
650 0 |a Ivories, Romanesque  |z England. 
999 |a MARS 
999 f f |s 4dc51ca8-4162-3296-bd07-a82b4de65f34  |i 443f6a4e-711f-32fb-87f3-0b576d854f94  |t 0 
952 f f |p normal  |a Texas A&M University  |b College Station  |c Sterling C. Evans Library  |d Evans: Library Stacks  |t 0  |e NK5943 .H68  |h Library of Congress classification  |i unmediated -- volume  |m A14806171076 
998 f f |a NK5943 .H68  |t 0  |l Evans: Library Stacks